000 00902nam a2200289 i 4500
003 DO-SdBNP
005 20250703081243.0
007 ta
008 250703t2025 dr 000 0 spa d
040 _aDO-SdBNP
_bspa
_cBNPHU
_erda
041 _hspa
082 _axxxx
_bJ38h
_222
100 1 _aJarvis Luis, Rafael,
_d1964-
_eautor
_4aut.
_938002
245 1 0 _aHistoria del nombre de La Romana /
_cRafael Jarvis Luis
250 _aPrimera edición
264 _aSanto Domingo :
_bRenet copias,
_c2025.
300 _a29 páginas
_c20 cm.
336 _atexto
_btxt
_2rdacontent
337 _asin mediación
_bn
_2rdamedia
338 _avolumen
_bnc
_2rdacarrier
500 _aIncluye datos biografícos del autor en las páginas 27-29.
500 _aIncluye notas a pie de páginas.
504 _aBibliografía p: 23-25.
590 _aInventariado, 2025/ YL
910 _aYLockward
942 _2ddc
_cLF2
999 _c59418
_d59418